000
00201 a2200097 4500
001
4386
100
_a
Dubridge,L.A
245
_a
Introduction to space
260
_a
_b
Columbia
_c
090
_c
3583
_d
3583
942
_a
NUST-CAE
_c
M
_c
28702
999
_c
239459
_d
239459